|
|
|
|
| LEADER |
00701cam a22002052a 4500 |
| 001 |
001907078 |
| 003 |
CZ BrMZK |
| 005 |
20240904161647.0 |
| 007 |
ta |
| 008 |
240904s1928 gw er|||||||||||ger d |
| 040 |
|
|
|a ABA001
|b cze
|d BOA001
|
| 100 |
1 |
|
|a Spranger, Eduard,
|d 1882-1963
|7 jo2002113592
|4 aut
|
| 245 |
1 |
4 |
|a Das deutsche Bildungsideal der Gegenwart in geschichtsphilosophischer Beleuchtung /
|c Eduard Spranger
|
| 260 |
|
|
|a In Leipzig :
|b Quelle & Meyer,
|c 1928
|
| 300 |
|
|
|a 75 s. ;
|c 24 cm
|
| 772 |
0 |
8 |
|i Separát z:
|t Erziehung
|g 1926-1927
|
| 910 |
|
|
|a BOA001
|b 2-0180.162
|
| 990 |
|
|
|a BK
|
| 991 |
|
|
|b 202409
|
| 996 |
7 |
|
|b 2618731588
|c 2-0180.162
|l MZK
|r Sklad / do 24 hodin
|n 1
|w 001976005
|u 000010
|a 1
|e BOA001
|j MZK50
|s A
|